| 000 | 00973nam a22002657a 4500 | ||
|---|---|---|---|
| 001 | 5712 | ||
| 003 | FISKH | ||
| 005 | 20250115153557.0 | ||
| 008 | 250115b cb ||||| |||| 00| 0 eng d | ||
| 020 | _a0439431387 | ||
| 040 |
_aFISKH _beng _cFISKH _dFISKH |
||
| 050 | _aJ590.03 | ||
| 082 | _a590 | ||
| 100 | _aHowell, Laura | ||
| 245 |
_aAnimal world / _cby Laura Howell, Kirsteen Rogers and Corinne Henderson |
||
| 250 | _aFirst Scholastic printing, September 2002 | ||
| 260 |
_aNew York : _bScholastic ; _cNew York . |
||
| 300 |
_a64 pages : _bcolor illustrations ; _c28 cm . |
||
| 490 | _aUsborne Library of Science | ||
| 520 | _aProvides information on the various parts of animal bodies and how they are adapted to the ways different kinds of animals live and move, discusses environmental issues, and recommends related Web sites. | ||
| 650 |
_ainformational _vnon-fiction |
||
| 700 |
_aAdami, Cristina _edesigner |
||
| 942 |
_2ddc _cBK _n0 |
||
| 999 |
_c5712 _d5712 |
||